Statistiken für Ortschaften von Wiener Neustadt

Klicken Sie hier um das Quiz zu spielen!

Allgemein

  • Dieses Quiz wurde 4 mal gespielt
  • Das Durchschnittsergebnis liegt bei 2 aus 6

Antwortstatistiken

Ortschaft% Korrekt
Wiener Neustadt
100%
Feuerwerksanstalt
33%
Lanzenkirchner Trift
33%
Döttelbach
0%
Heideansiedlung
0%
Waldschule
0%

Verteilung der Resultate

Perzentil nach korrekt beantworteten Fragen

Anzahl Personen mit jedem Resultat

Ihre Resultats-Entwicklung

Sie haben dieses Quiz noch nicht gespielt